Countries That Ban Burqas In Public Spaces - Statistics

General Stats
  • This quiz has been taken 43 times
  • The average score is 13 of 17
Answer Stats
Picture Answer % Correct
China
100%
France
100%
Switzerland
100%
Belgium
98%
Denmark
95%
The Netherlands
88%
Bulgaria
85%
Austria
83%
Latvia
73%
Morocco
73%
Sri Lanka
73%
Chad
70%
Tunisia
70%
Cameroon
65%
Gabon
58%
Congo
55%
Tajikistan
55%
No matching quizzes found
Score Distribution
Percent of People with Each Score
Percentile by Number Answered
Your Score History
You have not taken this quiz